000 00457nam a2200193Ia 4500
005 20250923144717.0
008 008 250917s9999 xx 000 0 eng d
037 _aTextual
040 _aDSWL
_beng
_cDSWL
041 _aeng
_2eng
084 _qDSWL
245 0 _aProblems of Urban Housing
260 _aBombay
_bPopular Book Depot
_c1959
300 _a154p.
365 _aINR
_b10
925 _g10
942 _cTEXL
999 _c1442357
_d1442357